Pays en R - Statistiques

Statistiques générales
  • Ce quiz a été pris 170 fois
    13 depuis la dernière actualisation
  • Le résultat moyen est 6 sur 9
Statistiques - réponses
Answers % Correct
Rwanda
100%
Russie
92%
Roumanie
83%
République Tchèque
67%
République Centrafricaine
58%
République Dominicaine
58%
Royaume-uni
58%
République Démocratique du Congo
50%
République du Congo
50%
Aucun quiz correspondant
Distribution des résultats
% des personnes avec chaque résultat
Percentile par nombre de réponses
Votre historique - résultats
Vous n’avez pas pris ce quiz depuis la dernière actualisation